| 000 | 01211nam0a2200325 4500 | ||
|---|---|---|---|
| 001 | RU\NLR\ONL1\6615 | ||
| 005 | 20250613115245.0 | ||
| 035 | _a(NLR Aleph) 009635366 | ||
| 090 |
_a9520191 _c9520191 |
||
| 100 | _a20051003d2004 |||y0rusy50 ca | ||
| 101 | 0 | _akrl | |
| 102 | _aRU | ||
| 105 | _aa ||||||||| | ||
| 200 | 1 |
_aKarjalan kielen harjoituskogomus V luokku _eLiivin murdehel |
|
| 210 |
_aPetroskoi _cPeriodika _d2004 |
||
| 215 |
_a109,[1] c. _cил. _d21 |
||
| 333 | _aСобственность Республики Карелия. Продаже не подлежит. | ||
| 541 | 1 |
_6z01790 _aСборник упражнений по карельскому языку (ливвиковское наречие) _e5 кл. _zrus |
|
| 606 | 0 |
_aКарельский язык _91313273 _3RU\NLR\auth\66544909 |
|
| 686 | 1 | _aШ166.12-921 | |
| 700 | 1 |
_aBogdanova _bL. _gLeena _4070 |
|
| 701 | 1 |
_aKondratjeva _bS. _gSvetlana _4070 |
|
| 790 | 1 |
_6z01 _aБогданова _bЕ. В. _4070 |
|
| 790 | 1 |
_6z01 _6z01541 _aКондратьева _bС. Ф. _4070 |
|
| 801 | 0 |
_aRU _bNLR _c20051003 _gPSBO |
|
| 852 |
_aNLR _bОНЛ _jКарел./3-246 |
||
| 942 | _cBOOK | ||
| 980 | _aNB | ||